| 000 | 01023cam a22002415a 4500 | ||
|---|---|---|---|
| 001 | E144043 | ||
| 008 | 080612s2007 xxk f 000 0 eng d | ||
| 035 | _a(Sirsi) u144043 | ||
| 041 | 0 | _aeng | |
| 050 | 0 | 4 | _a690.241 $2 18 |
| 110 | 2 |
_aHistoric Scotland _92914 |
|
| 245 | 0 | 0 |
_aINFORM, information for historic building owners _bpantiles, maintaining a pantiled roof _h[electronic resource] |
| 260 |
_aEdinburgh _bHistoric Scotland _c2007 |
||
| 300 |
_a8p. _col. ill. _c21cm. |
||
| 490 | 0 | _aInform | |
| 520 | _aSets out the history of the use of pantiles in scotland and offers guidance on their repair and maintenance. | ||
| 590 | _aKA | ||
| 651 | 4 |
_aScotland _y1999- |
|
| 690 | _aBUILT ENVIRONMENT-BUILDING TYPES-ANCIENT MONUMENTS AND HISTORIC BUILDINGS | ||
| 690 | _aBUILT ENVIRONMENT-BUILDING ELEMENTS-COMPLETE BUILDING ELEMENTS-ROOFS | ||
| 856 | 4 | 1 |
_uhttps://www.historic-scotland.gov.uk/publicationsresultsdetail.htm?id=47eb81be7 _zView the leaflet free of charge at www.historic-scotland.gov.uk... |
| 942 | _n0 | ||
| 999 |
_c108358 _d108358 |
||